000 00850nas a2200277 4500
001 BR0402034
003 BR-BrBNA
005 20231205104507.0
007 ta
008 230509b bl.|||p| |||| 00| 00por d
040 _aBR-BrBNA
_bpor
_cBiblioteca Nacional de Agricultura
041 _a(Pt)
072 _aF30
100 1 _aFarias Neto, J.T. de
100 1 _aBianchetti, A.
245 1 _aEstudo do potencial genético de duas populações de pupunheira (Bactris gasipaes Kunth, Palmae)
650 _aPUPUNHA
650 _aPALMITO
650 _aPROGÊNIE
650 _aVARIAÇÃO GENÉTICA
650 _aPARÂMETRO GENÉTICO
650 _aPOPULAÇÃO DE PLANTA
773 0 _tRevista Árvore (Brazil)
_xISSN 0100-6762
_g(Oct-Dec 2001), v. 25(4) p. 413-417
_wBR0402034
909 _a202311
_bLúcia
_c55
_dLúcia Elande
942 _2AGRIS
_n0
_cANA
999 _c178389
_d178389